Centennial volume: American Institute of Mining, Metallurgical, and Petroleum Engineers, 1871-1970 /

Bibliographic Details
Corporate Author: American Institute of Mining, Metallurgical, and Petroleum Engineers
Format: Book
Language:English
Published: New York, [publisher not identified] ; 1971.
Subjects:

MARC

Tag First Indicator Second Indicator Subfields
LEADER 00000cam a2200000 4500
001 in00000095855
005 20150925085759.0
008 710810s1971 nyua b 10010 eng
010 |a  77027021  
035 |a (OCoLC)00156098 
035 |9 AAL2078AM 
040 |a DLC  |c DLC  |d TXA  |d UtOrBLW 
043 |a n-us--- 
049 |a TXAM  |c [1144507] 
050 0 0 |a TN5  |b .A45 
082 0 |a 622/.062/73 
092 |a 622.06  |b A 
110 2 |a American Institute of Mining, Metallurgical, and Petroleum Engineers. 
245 1 0 |a Centennial volume: American Institute of Mining, Metallurgical, and Petroleum Engineers, 1871-1970 /  |c Centennial Committee: William B. Stephensen, Karl L. Fetters [and] Thomas C. Frick. 
264 1 |a New York,  |b [publisher not identified] ;  |c 1971. 
300 |a 366 pages :  |b illustrations ;  |c 24 cm. 
336 |a text  |b txt  |2 rdacontent 
337 |a unmediated  |b n  |2 rdamedia 
338 |a volume  |b nc  |2 rdacarrier 
500 |a "Including the proceedings of the centennial anniversary ... held in New York City, Feb. 26-March 4, 1971; and histories of the institute and its constituent societies." 
504 |a Includes bibliographical references. 
610 2 0 |a American Institute of Mining, Metallurgical, and Petroleum Engineers  |x History  |x Congresses. 
650 0 |a Mineral industries  |v Congresses. 
999 |a MARS 
999 f f |s e9b2221f-4dca-3e15-b8f9-a75278e9237d  |i 1690f65d-dc27-3781-84b7-f637014c3f78  |t 0 
952 f f |p ric  |a Texas A&M University  |b Rellis Campus  |c Joint Library Facility  |d Remote Storage  |t 0  |e TN5 .A45  |h Library of Congress classification  |i unmediated -- volume  |m A14805560117 
952 f f |a Texas A&M University  |b College Station  |c Sterling C. Evans Library  |d Halbouty Reading Rm (Halbouty Bldg 173) (Does not check out)  |t 0  |e 622.06 A  |h Dewey Decimal classification 
952 f f |a Texas A&M University  |b College Station  |c Sterling C. Evans Library  |d Halbouty Reading Rm (Halbouty Bldg 173) (Does not check out)  |t 0  |e 622.06 A  |h Dewey Decimal classification 
998 f f |a TN5 .A45  |t 0  |l Remote Storage 
998 f f |a 622.06 A  |t 0  |l Halbouty Reading Rm (Halbouty Bldg 173) (Does not check out) 
998 f f |a 622.06 A  |t 0  |l Halbouty Reading Rm (Halbouty Bldg 173) (Does not check out)